| 000 | 01080nam a2200241 a 4500 | ||
|---|---|---|---|
| 001 | 50241 | ||
| 003 | BD-RjUL | ||
| 005 | 20211209075459.0 | ||
| 008 | 161112s1951 ii b 001 0 ben | ||
| 020 | _c: IRs. 5.00 | ||
| 035 | _a(BD-RjUL)50361 | ||
| 040 |
_aBD-RjUL _cBD-RjUL _dBD-RjUL _bben/eng |
||
| 041 | _aben | ||
| 082 | 0 | 0 |
_223 _bCHB 1952 _a891.4409 |
| 100 | 1 |
_aচৌধুরী, হিমাংশুচন্দ্র _9219690 |
|
| 245 | 1 | 0 |
_aবৈষ্ণব সাহিত্য-প্রবেশিকা / _cহিমাংশুচন্দ্র চৌধুরী |
| 250 | _a১ম সং. | ||
| 260 |
_aকলিকাতা: _bজেনারেল প্রিন্টার্স য়্যান্ড পাব্লিমার্স লি., _c১৯৫১ (মাঘ, ১৩৫৮) |
||
| 300 |
_a[১০], ১৩৩ পৃ. ; _c২৫ সেমি. |
||
| 650 |
_aবাংলা সাহিত্য _xইতিহাস ও সমালোচনা _9219691 |
||
| 650 |
_aBengali Literature _xHistory and Criticism _9219692 |
||
| 942 |
_2ddc _cRAR |
||
| 999 |
_c50241 _d50241 |
||